Nguyên lý gia công vật liệu
Sách tập trung vào các vấn đề gia công kim loại bằng phương pháp cắt và mài.
में बचाया:
| मुख्य लेखक: | |
|---|---|
| स्वरूप: | पुस्तक |
| भाषा: | Undetermined |
| प्रकाशित: |
Hà Nội
Khoa học và Kỹ thuật
2001
|
| विषय: | |
| टैग : |
टैग जोड़ें
कोई टैग नहीं, इस रिकॉर्ड को टैग करने वाले पहले व्यक्ति बनें!
|
| Thư viện lưu trữ: | Trung tâm Học liệu Trường Đại học Cần Thơ |
|---|
| LEADER | 00709nam a2200193Ia 4500 | ||
|---|---|---|---|
| 001 | CTU_45359 | ||
| 008 | 210402s9999 xx 000 0 und d | ||
| 020 | |c 45000 | ||
| 082 | |a 671.3 | ||
| 082 | |b L431 | ||
| 100 | |a Bành, Tiến Long | ||
| 245 | 0 | |a Nguyên lý gia công vật liệu | |
| 245 | 0 | |c Bành Tiến Long, Trần Sỹ Túy, Trần Thế Tục | |
| 260 | |a Hà Nội | ||
| 260 | |b Khoa học và Kỹ thuật | ||
| 260 | |c 2001 | ||
| 520 | |a Sách tập trung vào các vấn đề gia công kim loại bằng phương pháp cắt và mài. | ||
| 650 | |a manufacturing processes,metal-work | ||
| 980 | |a Trung tâm Học liệu Trường Đại học Cần Thơ | ||